| 000 | 01048nam a22003137a 4500 | ||
|---|---|---|---|
| 001 | BR2022001053 | ||
| 003 | BR-BrBNA | ||
| 005 | 20230928105709.0 | ||
| 007 | ta | ||
| 008 | 230509b bl.||||| |||| 00| 0 por d | ||
| 040 |
_aBR-BrBNA _bpor _cBiblioteca Nacional de Agricultura |
||
| 041 | _a(Por) | ||
| 072 | _aF01; F08; E70 | ||
| 090 | _ F01 BR2022001053 | ||
| 100 | 1 | _aFreire, A.G. | |
| 110 | 1 |
_aPolo Sindical da Borborema, Esperança, PB (Brasil). Comissão de Cultivos Ecológicos _97830 |
|
| 110 | 1 | _aAssessoria e Serviços a Projetos em Agricultura Alternativa, Esperança, PB (Brasil) | |
| 245 | 1 | _aCultivos ecológicos: um roçado de alimentos para a vida | |
| 260 | 3 |
_aCampina Grande, PB (Brasil): _bEPIGRAF, _c38 p.. |
|
| 300 | _aPublished after 2003; 85 illus. | ||
| 650 | _aAGRICULTURA ALTERNATIVA | ||
| 650 | _aAGRICULTURA ORGÂNICA | ||
| 650 | _aDIVERSIFICAÇÃO DE CULTURA | ||
| 650 | _aECOLOGIA VEGETAL | ||
| 650 | _aFEIRA | ||
| 650 | _aCOMERCIALIZAÇÃO | ||
| 909 |
_a202309 _bLucia _c55 _dLucia Elande |
||
| 942 | _cBK | ||
| 999 |
_c86244 _d86244 |
||